Lección y sentido del Guzmán de Alfarache / (Record no. 180104)

MARC details
000 -LEADER
campo de control de longitud fija 00896nam a22002177i 4500
001 - NÚMERO DE CONTROL
campo de control 180104
003 - IDENTIFICADOR DE NÚMERO DE CONTROL
campo de control ES-MaACL
005 - FECHA Y HORA DE LA ÚLTIMA TRANSACCIÓN
campo de control 20230906221011.0
008 - DATOS DE LONGITUD FIJA--INFORMACIÓN GENERAL
campo de control de longitud fija 120417s1948 sp |||| | spa d
080 ## - NÚMERO DE LA CLASIFICACIÓN DECIMAL UNIVERSAL
Número de la Clasificación Decimal Universal 821.134.2 Alemán, Mateo 7. Guzmán.06
100 1# - ENTRADA PRINCIPAL--NOMBRE DE PERSONA
Nombre de persona Moreno Báez, Enrique.
9 (RLIN) 83328
245 10 - MENCIÓN DEL TÍTULO
Título Lección y sentido del Guzmán de Alfarache /
Mención de responsabilidad, etc. por Enrique Moreno Báez.
260 ## - PUBLICACIÓN, DISTRIBUCIÓN, ETC.
Lugar de publicación, distribución, etc. Madrid :
Nombre del editor, distribuidor, etc. Consejo Superior de Investigaciones Científicas, Patronato "Menéndez Pelayo", Instituto "Miguel de Cervantes",
Fecha de publicación, distribución, etc. 1948 (
Fabricante Tip. Flo-Rez)
300 ## - DESCRIPCIÓN FÍSICA
Extensión 189 p. ;
Dimensiones 25 cm.
490 1# - MENCIÓN DE SERIE
Mención de serie Anejos de "La Revista de Filología Española" ;
Designación de volumen o secuencia 40
600 14 - PUNTO DE ACCESO ADICIONAL DE MATERIA--NOMBRE DE PERSONA
Nombre de persona Alemán, Mateo.
Título de la obra Guzmán de Alfarache.
9 (RLIN) 19716
710 2# - ENTRADA AGREGADA--NOMBRE DE ENTIDAD CORPORATIVA
Nombre de entidad corporativa o nombre de jurisdicción como elemento de entrada Instituto "Miguel de Cervantes"
9 (RLIN) 5133
830 0# - PUNTO DE ACCESO ADICIONAL DE SERIE-TÍTULO UNIFORME
Título uniforme Anejos de "La Revista de Filología Española" ;
Designación de volumen o secuencia 40
9 (RLIN) 191161
852 ## - LOCALIZACIÓN
Ubicación ES-MaACL
Número de control de estantería E-15387
Holdings
Estatus retirado Estado de pérdida Estado de daño No para préstamo Biblioteca de origen Biblioteca actual Ubicación en estantería Fecha de adquisición Fuente de adquisición Total de préstamos Signatura topográfica completa Código de barras Visto por última vez Precio de reemplazo Tipo de ítem Koha
        Biblioteca del Ateneo de Madrid Biblioteca del Ateneo de Madrid Depósito 2 18/04/2012     E-15387 1189245 23/02/2023 23/02/2023 Libro impreso